000
00399nam a2200145Ia 4500
008
100204s9999 xx 000 0 und d
082
_b
14667
100
_a
कुलकर्णी पद्मा
245
_a
किथी
260
_b
"अंजली प्रकाशन, पुणे"
_c
1990
300
_a
168
630
_a
किथी
730
_a
किथी
942
_c
BOOK
999
_c
459098
_d
459095